00504cam a22001692 4500001001100000005001700011008004100028020002800069040001500097050001800112245005800130260003200188300001600220650003500236700003300271700003000304000000168220151217151824.0070321s xx 000 0 eng d a1854183052 :cKES 4,900 aKABUcKABU 0aHD30.28b.S5610aShorter MBA /ced. by Barrie Pearson and Neil Thomas. aLondon :bThorogood,c2004. axii, 269 p. 0aBusiness planning.@00001505831 aPearson, Barrie.@00001506301 aThomas, Neil.@0000150631